书目信息 |
| 题名: |
现代外国哲学
|
|
| 作者: | ;中国现代外国哲学学会 主编 | |
| 分册: | 第四辑 | |
| 出版信息: | 北京 人民出版社 1983.11 |
|
| 页数: | 363页 | |
| 开本: | 21cm | |
| 丛书名: | ||
| 单 册: | ||
| 中图分类: | B15 | |
| 科图分类: | ||
| 主题词: | 哲学--世界--现代 | |
| 电子资源: | ||
| ISBN: | ||
| 000 | 00613nam0 2200205 45 | |
| 001 | 0303190910 | |
| 005 | 20050523161545.7 | |
| 010 | @dCNY1.20 | |
| 091 | @a2001.246 | |
| 100 | @a20030319d1983 km y0chiy0120 ea | |
| 101 | 0 | @achi |
| 105 | @a z 000yy | |
| 200 | 1 | @a现代外国哲学@AXian Dai Wai Guo Zhe Xue@h第四辑@f中国现代外国哲学学会主编@FZhong Guo Xian Dai Wai Guo Zhe Xue Xue Hui Zhu Bian |
| 210 | @a北京@c人民出版社@d1983.11 | |
| 215 | @a363页@d21cm | |
| 606 | 0 | @a哲学@x世界@x现代 |
| 690 | @aB15@v3 | |
| 711 | 02 | @a中国现代外国哲学学会@4主编 |
| 801 | @aCN@bTSTC@c20030319 | |
| 905 | @dB15@e12:4@f1@b156294 | |
| 现代外国哲学.第四辑/中国现代外国哲学学会主编.-北京:人民出版社,1983.11 |
| 363页;21cm |
| ISBN :CNY1.20 |
| ● |
| 相关链接 |
|
|
|
|
正题名:现代外国哲学
索取号:B15/12:4
 
预约/预借
| 序号 | 登录号 | 条形码 | 馆藏地/架位号 | 状态 | 备注 |
| 1 | 0156292 | 001124606 | 密集书库/ [索取号:B15/12:4] | 在馆 | |
| 2 | 0156293 | 001864085 | 密集书库/ [索取号:B15/12:4] | 在馆 | |
| 3 | 0156294 | 001124615 | 第一样本阅览室/ [索取号:B15/12:4] | 在馆 |